CABG not friendly with high BMI

Bibliographic Details
Main Author: Brozmanová, D (Author)
Corporate Author: Alpe Adria Cardiology Meeting (Author)
Format: Conference Proceeding Article
Language:Slovak
English
ISSN:1210-0048
Subjects:

MARC

LEADER 00000nab a2200000 a 4500
001 vtls008415708
003 SK-MaSNL
005 20260304142113.0
008 250505c2005 xo 0 slo
015 |a SNBCL2005/5 
035 |a SLK033292 
035 |a urn:nbn:sk:snk-ab336g 
035 |a (urnnbn)urn:nbn:sk:snk:ar-a05rtf 
035 |a (uuid)ae3c1f84-3460-4744-9033-0a69d873157c 
040 |a SNKBUCL  |b slo  |c SNKBUCL  |e AACR2 
041 0 |a eng 
044 |a xo  |c SK 
080 |a 616.12-089-06:612.397.7:061.3  |2 1981 
100 1 |a Brozmanová, D  |4 aut  |9 841772 
245 1 0 |a CABG not friendly with high BMI  |c D. Brozmanova 
650 0 7 |a by-pass aortokoronárny  |x využitie  |2 MESH  |9 1429151 
650 0 7 |a komplikácie pooperačné  |x klasifikácia  |2 MESH  |9 858586 
650 0 7 |a index telesnej hmotnosti  |2 MESH  |9 869765 
650 0 7 |a úbytok hmotnosti  |2 MESH  |9 1193759 
650 0 7 |a obezita  |2 MESH  |9 2527 
650 0 7 |a abstrakty z kongresu  |2 MESH  |9 168204 
711 1 |a Alpe Adria Cardiology Meeting  |n (13. :  |d 2005 :  |c Piešťany, Slovensko)  |4 aut  |9 218287 
773 0 |t Kardiológia  |g Vol. 14, no. 3 (2005), p. K/C 91  |x 1210-0048 
850 |a Slovenská národná knižnica 
852 |a Slovenská národná knižnica 
958 |a article27 
958 |a OND 
999 |c 2920421  |d 2922351